Dates historiques 3ème 2WW - Statistiques

Statistiques générales
  • Ce quiz a été pris 53 fois
  • Le résultat moyen est 6 sur 14
Statistiques - réponses
Hint Réponse % Correct
Appel du général de Gaulle depuis Londres à la résistance 18 juin 1940
84%
Invasion de la Pologne par Hitler 1 septembre 1939
81%
Capitulation générale de l'Allemagne ==> fin de la guerre en Europe 8 mai 1945
70%
La France est divisée en 2 zones : zone ..... et zone ..... ( nom / nom) occupée / libre
65%
La France et le RU déclare la guerre à l'Allemagne 3 septembre 1939
62%
Débarquement en Normandie 6 juin 1944
57%
Appel du maréchal Pétain 17 juin 1940
43%
Capitulation du Japon ==> Fin de la guerre internationale 2 septembre 1945
41%
Années de début de fin de la Shoah (année - année) 1942 - 1945
35%
Bombes atomiques de Nagasaki et Hiroshima 6 et 9 août 1945
30%
Attaque japonaise de Pearl Harbor et entrée en guerre des USA 7 décembre 1941
27%
Armistice avec l'Allemagne 22 juin 1940
24%
Opération Barbarossa : Invasion de l'URSS par l'Allemagne 22 juin 1941
14%
Capitulation allemande à Stalingrad 2 février 1943
5%
Aucun quiz correspondant
Distribution des résultats
% des personnes avec chaque résultat
Percentile par nombre de réponses
Votre historique - résultats
Vous n’avez pas pris ce quiz